| 000 | 00326nam a2200121Ia 4500 | ||
|---|---|---|---|
| 005 | 20251222140046.0 | ||
| 008 | 251222s1900||||xx |||||||||||||| ||spa|| | ||
| 020 | _a978-612-01-0219-0 | ||
| 082 | _a375.001.8/S25 | ||
| 245 | 0 | _aFortalezas y Debilidades de la Educación Básica en el Perú: | |
| 264 | _bSantillana | ||
| 942 | _cLIB | ||
| 999 |
_c3428 _d3428 |
||